L'uomo medievale /

Uloženo v:
Podrobná bibliografie
Další autoři: Le Goff, Jacques, (1924-2014)
Médium: Kniha
Jazyk:italština
Vydáno: Roma (etc.) : GLF editori Laterza, 2000
Vydání:14. ed
Edice:Economica Laterza ; 6
Tagy: Přidat tag
Žádné tagy, Buďte první, kdo vytvoří štítek k tomuto záznamu!

MARC

LEADER 00000nam a22000007i 4500
001 IT\ICCU\UM1\0041539
003 ItRI
005 20260115231909.0
008 010905s2000 it |||||| ||||| |||||c
020 |a 8842041971 
040 |b ita  |c importazione bologna sebina 
041 7 |a ita  |2 ISO-639-2 
245 0 2 |a L'uomo medievale /  |c a cura di Jacques Le Goff. 
250 |a 14. ed 
260 |a Roma (etc.) :  |b GLF editori Laterza,  |c 2000 
300 |a 424 p. ;  |c 21 cm. 
700 1 |a Le Goff, Jacques,  |d  (1924-2014)  |0 IT\ICCU\CFIV\000374 
830 0 |a Economica Laterza ;  |v 6  |0 IT\ICCU\TO0\0741782 
942 |2 ddc  |c BK  |n 0 
952 |0 0  |1 0  |4 0  |6 DOC_940_100000000000000_LEG  |7 0  |9 15737  |a BO  |b BO  |d 2026-01-15  |i 7771  |l 0  |o DOC 940.1 LEG  |p BO7771  |r 2026-01-15 23:19:09  |w 2026-01-15  |x [Sebina 5] [1 v.]  |y BK  |z 1 v. 
999 |c 13539  |d 13539